A shallow-water model for hydraulically transcritical flows /

Bibliographic Details
Main Author: Rogerson, A. M.
Corporate Author: Woods Hole Oceanographic Institution
Format: Book
Language:English
Published: Woods Hole, Mass. : Woods Hole Oceanographic Institution, 1999.
Series:Woods Hole Oceanographic Institution (Series) ; no. 99-09.
Technical report (Woods Hole Oceanographic Institution)
Subjects:

MARC

Tag First Indicator Second Indicator Subfields
LEADER 00000cam a2200000Ia 4500
001 in00002002248
005 20151031134909.0
008 990920s1999 maua b 000 0 eng d
035 |a (OCoLC)ocm42394713 
040 |a RIN  |c RIN  |d OCLCQ  |d TXA  |d UtOrBLW 
049 |a TXAM 
090 |a GC1  |b .W582 no. 99-09 
100 1 |a Rogerson, A. M. 
245 1 2 |a A shallow-water model for hydraulically transcritical flows /  |c by A.M. Rogerson. 
246 3 0 |a Hydraulically transcritical flows. 
264 1 |a Woods Hole, Mass. :  |b Woods Hole Oceanographic Institution,  |c 1999. 
300 |a iv, 50 pages :  |b illustrations ;  |c 28 cm. 
336 |a text  |b txt  |2 rdacontent 
337 |a unmediated  |b n  |2 rdamedia 
338 |a volume  |b nc  |2 rdacarrier 
490 1 |a WHOI ;  |v 99-09.  |a Technical report 
500 |a "July 1999." 
504 |a Includes bibliographical references. 
536 |a Funding was provided by the Office of Naval Research.  |c N00014-93-1-1369 
650 0 |a Water waves  |x Mathematical models. 
650 0 |a Ocean currents. 
710 2 |a Woods Hole Oceanographic Institution. 
830 0 |a Woods Hole Oceanographic Institution (Series) ;  |v no. 99-09. 
830 0 |a Technical report (Woods Hole Oceanographic Institution) 
948 |a cataloged  |b h  |c 2004/11/10  |d c  |e mphillip  |f 5:27:19 pm 
994 |a E0  |b TXA 
999 |a MARS 
999 f f |s 46a110e4-8ae6-3c12-8009-921889dcc047  |i 89fc8529-c2a9-34a8-9e95-eb2eca7b9541  |t 0 
952 f f |p ric  |a Texas A&M University  |b Rellis Campus  |c Joint Library Facility  |d Remote Storage  |t 0  |e GC1 .W582 no.99-09  |h Library of Congress classification  |i unmediated -- volume  |m A14831606129 
998 f f |a GC1 .W582 no.99-09  |t 0  |l Remote Storage